000 00960nam a2200265Ia 4500
003 OSt
005 20220923211005.0
006 a|||||r|||| 00| 0
007 ta
008 220922b |||||||| |||| 00| 0 hin d
020 _a8170165644 (hbk)
_c600
024 _a239,165
037 _bB288/08, 29/01/2009, Bharat Pustak Bhandar
_cTextual
040 _aARTS
_cARTS
_bhin
041 _2hin
_ahin
082 _aO152,6N252x, P3
100 _aमिश्र, विद्या निवास
_9156905
245 0 _aअनछुए बिंदु
246 _aAnachhue biandu
260 _aनयी दिल्ली
_b किताबघर प्रकाशन
_c2003
300 _a477पृ.
_ccm.
650 _aहिन्दी साहित्य
_9156264
942 _hO152,6N252x, P3
_cTEXL
_2CC
999 _c293603
_d293603